Charaktere aus Der Herr der Ringe - Statistiken

Allgemein
  • Dieses Quiz wurde 8.012 mal gespielt
  • Das Durchschnittsergebnis liegt bei 17 aus 24
Antwortstatistiken
# Hinweis Charakter % Korrekt
1 Der Ringträger Frodo
99%
3 Grauer Zauberer Gandalf
98%
2 Adoptivonkel von #1 Bilbo
92%
6 Bester Freund von #1 Samweis
91%
5 Dunkler Herrscher von Mordor Sauron
91%
10 Gefährte (Elb) Legolas
89%
14 Besitzer des Rings vor #2 Gollum
84%
11 Gefährte (Zwerg) Gimli
83%
16 Böser weißer Zauberer Saruman
79%
9 Rechtmäßiger Thronerbe Gondors Aragorn
76%
12 Gefährte (Mensch) Boromir
74%
8 Vetter und Gefährte von #1 Pippin
74%
13 Jüngerer Bruder von #12 Faramir
67%
7 Vetter und Gefährte von #1 Merry
67%
17 Herr von Bruchtal Elrond
65%
15 Ehemaliger Name von #14 Sméagol
65%
18 Herrscherin von Lothlorien Galadriel
64%
21 Ältester der Ents Baumbart
56%
20 Dämon, der mit #3 in Moria kämpfte Durin's Fluch
55%
22 Tochter von #17; Geliebte von #9 Arwen
52%
4 Pferd von #3 Schattenfell
44%
24 Mysteriöser Herr und Meister des Alten Waldes Tom Bombadil
37%
23 Gigantische Spinne, welche #1 angriff Kankra
34%
19 Herrscher von Lothlorien Celeborn
25%
Keine übereinstimmenden Quizze gefunden
Verteilung der Resultate
Anzahl Personen mit jedem Resultat
Perzentil nach korrekt beantworteten Fragen
Ihre Resultats-Entwicklung
Sie haben dieses Quiz noch nicht gespielt